One Direction - Chansons les plus écoutées - Statistiques

Statistiques générales
  • Ce quiz a été pris 801 fois
  • Le résultat moyen est 13 sur 20
Statistiques - réponses
Chanson Vues % Correct
1 What Makes You Beautiful 1 517 498 274
92%
2 Drag Me Down 1 067 333 298
83%
3 Story Of My Life 1 006 264 446
83%
5 Best Song Ever 794 474 953
82%
4 Night Changes 799 133 043
81%
10 Kiss You 554 692 477
74%
13 Steal My Girl 431 312 009
73%
12 History 448 576 030
72%
6 One Thing 791 452 243
72%
9 Perfect 556 696 158
72%
8 You And I 606 684 000
71%
14 Little Things 402 467 205
69%
16 Midnight Memories 219 117 520
69%
7 Live While We're Young 736 868 747
66%
19 No Control 46 646 096
54%
15 Gotta Be You 247 014 565
49%
11 One Way Or Another 480 422 810
49%
18 18 69 500 957
48%
17 More Than This 150 690 054
27%
20 Fireproof 44 766 853
20%
Aucun quiz correspondant
Distribution des résultats
% des personnes avec chaque résultat
Percentile par nombre de réponses
Votre historique - résultats
Vous n’avez pas pris ce quiz